00636 2200241 4500001002100000005001700021008004100038020001800079035002400097040001300121082000800134084001400142090001400156100001900170245003700189250001000226260005000236300003200286650002400318990001600342990001800358990001800376INLIS00000000000005220151026093610.0  a979-8628-03-9 0010-101500000000007 aNPBUNLOB a398 a398 Sud u a398 Sud u aDra.V. Sudiati aUlasan Cerita Rakyat Jawa Tengah acet 3 aYogyakarta:bYayasan putaka nusantara,c2002. avii, 138 hlm,; ilus.; 21 cm aFiksi/cerita Rakyat a4265/Sum/02 a12658/PN/2015 a12659/PN/2015